Las reformas jurídico-políticas en la URSS 1988-1991
Gespeichert in:
| Format: | Buch |
|---|---|
| Sprache: | Spanisch |
| Veröffentlicht: |
Madrid
Centro de Estudios Constitucionales
1991
|
| Schriftenreihe: | Cuadernos y Debates, 32
|
| Schlagworte: | |
| Tags: |
Tag hinzufügen
Keine Tags, Fügen Sie den ersten Tag hinzu!
|
MARC
| LEADER | 00000nam a2200000 a 4500 | ||
|---|---|---|---|
| 001 | UCV3295 | ||
| 003 | CL-VaPUC | ||
| 008 | 930513e19910000SP |||||||||||||||||spa|d | ||
| 082 | 0 | 4 | |a 350 |b REF |2 21 |
| 245 | 1 | 4 | |a Las reformas jurídico-políticas en la URSS 1988-1991 |
| 300 | |a 278 p | ||
| 942 | |c BK | ||
| 945 | |d 19930513 00:00:00 | ||
| 260 | |a Madrid |b Centro de Estudios Constitucionales |c 1991 | ||
| 650 | 7 | |a CONSTITUCIONALIDAD |2 CL-VaPUC |9 255951 | |
| 650 | 0 | |a Jurisprudencia |9 255952 | |
| 650 | 0 | |a Derecho constitucional |9 222588 | |
| 651 | 0 | |a Unión Soviética |9 256769 | |
| 583 | |a last modification |c 20130926 04:50:23 |k Rodrigo Vera | ||
| 490 | 0 | |a Cuadernos y Debates, 32 | |
| 999 | |c 210568 |d 210566 | ||
| 952 | |0 0 |1 0 |4 0 |6 350_000000000000000_REF_1991 |7 0 |8 A |9 186919 |a BIBDER |b BIBDER |d 2019-11-14 |i 2545357 |o 350 REF 1991 |p 2545357 |r 2023-01-25 |w 2019-11-14 |y BK |k DER | ||